000
00283nam a2200121Ia 4500
008
210312s9999||||xx |||||||||||||| ||und||
041
_a
osm
050
_a
KKX480
050
_b
P37
245
0
_a
Pasaport kanunu
260
_c
1329
650
_a
Hukuk--İdari hukuk--Türkiye--Pasaportlar
999
_c
22027
_d
22027